Harlem: los blues de la historia. 56 poemas : un siglo de poesía /
Guardado en:
| Autor Principal: | |
|---|---|
| Formato: | Libro |
| Publicado: |
Buenos Aires :
Leviatán,
2014
|
| Materias: | |
| Etiquetas: |
Agregar Etiqueta
Sin Etiquetas, Sea el primero en etiquetar este registro!
|
| LEADER | 00803nam a22002295a 4500 | ||
|---|---|---|---|
| 001 | CEM.cems014531 | ||
| 008 | 130507s2014##################000#0#####d | ||
| 005 | 20220210095725.0 | ||
| 003 | CEMS | ||
| 245 | 1 | 0 | |a Harlem: los blues de la historia. 56 poemas : |b un siglo de poesía / |c Eduardo Dalter |
| 260 | |a Buenos Aires : |b Leviatán, |c 2014 | ||
| 300 | |a 96 p. | ||
| 500 | |a Investigaciones y notas de Eduardo Dalter.versiones de Eduardo Dalter y Nidia Santa Cruz | ||
| 020 | |a 9789875142855 | ||
| 100 | 1 | |a Dalter, Eduardo | |
| 082 | 0 | 4 | |a 811.5 |
| 653 | |a Poesía | ||
| 653 | |a Poesía norteamericana | ||
| 653 | |a Colección Juan Gelman | ||
| 653 | |a Biblioteca Juan Gelman | ||
| 859 | |a CEMS |b BIB. CEMS - 11 de abril |h 811.5 |i D17 |p 27091.14 |t Ej.1 | ||
| 859 | |a CEMS |b BIB. CEMS - Agricultura |h A861.6 |i D17 |p A2258.15 |t Ej.1 | ||
